000 01006nam a2200313 a 4500
001 000020026
003 DO-SdBNP
005 20221003152103.0
007 ta
008 100712s1961 sp 001 e spa d
040 _aDO-SdBNP
_bspa
_cBNPHU
049 _aBNGR
082 4 _a864.5
_bM453d, 1961
_222
100 1 _aMaura, Antonio,
_d1853-1925
_942611
245 1 0 _aDiscursos conmemorativos /
_cAntonio Maura ; prólogo de Duque De Maura.
250 _a3a ed.
260 _aMadrid :
_bEspasa-Calpe,
_c1961.
300 _a230 p. ;
_c18 cm.
490 1 _aAustral. Verde : ensayos y filosofía ;
_v231
500 _aIncluye índice de autores.
500 _aIncluye referencias bibliográficas y notas al pie de las páginas.
650 4 _aEnsayos españoles
_93095
650 4 _aLiteratura española
_9632
650 4 _aDiscursos españoles
_942612
700 1 _aMaura, Duque de,
_epról.
_942613
830 0 _aAustral. Verde: ensayos y filosofía
_v231
_98733
910 _aWM
942 _2ddc
_cLBS1
999 _c19538
_d19538